<?xml version="1.0" encoding="UTF-8"?>
<record
    xmlns:xsi="http://www.w3.org/2001/XMLSchema-instance"
    xsi:schemaLocation="http://www.loc.gov/MARC21/slim http://www.loc.gov/standards/marcxml/schema/MARC21slim.xsd"
    xmlns="http://www.loc.gov/MARC21/slim">

  <leader>00368nam a22001457a 4500</leader>
  <controlfield tag="003">OSt</controlfield>
  <controlfield tag="005">20211022163245.0</controlfield>
  <controlfield tag="008">211022b        |||||||| |||| 00| 0 eng d</controlfield>
  <datafield tag="040" ind1=" " ind2=" ">
    <subfield code="a">HU</subfield>
    <subfield code="c">DDC</subfield>
  </datafield>
  <datafield tag="082" ind1=" " ind2=" ">
    <subfield code="a">347.05/JAI</subfield>
  </datafield>
  <datafield tag="245" ind1=" " ind2=" ">
    <subfield code="a">The code of civil procedure</subfield>
  </datafield>
  <datafield tag="260" ind1=" " ind2=" ">
    <subfield code="a">New Delhi</subfield>
    <subfield code="b">Wadhwa and company Nagpur</subfield>
    <subfield code="c">2007</subfield>
  </datafield>
  <datafield tag="300" ind1=" " ind2=" ">
    <subfield code="a">xcv,1367p,22cm</subfield>
  </datafield>
  <datafield tag="942" ind1=" " ind2=" ">
    <subfield code="2">ddc</subfield>
    <subfield code="c">BOOKS</subfield>
    <subfield code="n">0</subfield>
  </datafield>
  <datafield tag="999" ind1=" " ind2=" ">
    <subfield code="c">14510</subfield>
    <subfield code="d">14510</subfield>
  </datafield>
  <datafield tag="952" ind1=" " ind2=" ">
    <subfield code="0">0</subfield>
    <subfield code="1">0</subfield>
    <subfield code="2">ddc</subfield>
    <subfield code="4">0</subfield>
    <subfield code="7">0</subfield>
    <subfield code="a">007</subfield>
    <subfield code="b">007</subfield>
    <subfield code="c">GEN</subfield>
    <subfield code="d">2021-10-22</subfield>
    <subfield code="l">0</subfield>
    <subfield code="o">347.05/JAI</subfield>
    <subfield code="p">LGCLIB0005424</subfield>
    <subfield code="r">2021-10-22 00:00:00</subfield>
    <subfield code="t">C1</subfield>
    <subfield code="w">2021-10-22</subfield>
    <subfield code="y">BOOKS</subfield>
  </datafield>
  <datafield tag="952" ind1=" " ind2=" ">
    <subfield code="0">0</subfield>
    <subfield code="1">0</subfield>
    <subfield code="2">ddc</subfield>
    <subfield code="4">0</subfield>
    <subfield code="7">0</subfield>
    <subfield code="a">007</subfield>
    <subfield code="b">007</subfield>
    <subfield code="c">GEN</subfield>
    <subfield code="d">2021-10-22</subfield>
    <subfield code="l">0</subfield>
    <subfield code="o">347.05/JAI</subfield>
    <subfield code="p">LGCLIB0005423</subfield>
    <subfield code="r">2021-10-22 00:00:00</subfield>
    <subfield code="t">C2</subfield>
    <subfield code="w">2021-10-22</subfield>
    <subfield code="y">BOOKS</subfield>
  </datafield>
  <datafield tag="952" ind1=" " ind2=" ">
    <subfield code="0">0</subfield>
    <subfield code="1">0</subfield>
    <subfield code="2">ddc</subfield>
    <subfield code="4">0</subfield>
    <subfield code="7">0</subfield>
    <subfield code="a">007</subfield>
    <subfield code="b">007</subfield>
    <subfield code="c">GEN</subfield>
    <subfield code="d">2021-10-22</subfield>
    <subfield code="l">0</subfield>
    <subfield code="o">347.05/JAI</subfield>
    <subfield code="p">LGCLIB0005422</subfield>
    <subfield code="r">2021-10-22 00:00:00</subfield>
    <subfield code="t">C3</subfield>
    <subfield code="w">2021-10-22</subfield>
    <subfield code="y">BOOKS</subfield>
  </datafield>
  <datafield tag="952" ind1=" " ind2=" ">
    <subfield code="0">0</subfield>
    <subfield code="1">0</subfield>
    <subfield code="2">ddc</subfield>
    <subfield code="4">0</subfield>
    <subfield code="7">0</subfield>
    <subfield code="a">007</subfield>
    <subfield code="b">001</subfield>
    <subfield code="c">GEN</subfield>
    <subfield code="d">2021-11-08</subfield>
    <subfield code="l">0</subfield>
    <subfield code="o">347.05/JAI</subfield>
    <subfield code="p">LGCLIB0004856</subfield>
    <subfield code="r">2021-11-08 00:00:00</subfield>
    <subfield code="t">C4</subfield>
    <subfield code="w">2021-11-08</subfield>
    <subfield code="y">BOOKS</subfield>
  </datafield>
  <datafield tag="952" ind1=" " ind2=" ">
    <subfield code="0">0</subfield>
    <subfield code="1">0</subfield>
    <subfield code="2">ddc</subfield>
    <subfield code="4">0</subfield>
    <subfield code="7">0</subfield>
    <subfield code="a">007</subfield>
    <subfield code="b">007</subfield>
    <subfield code="c">GEN</subfield>
    <subfield code="d">2021-11-08</subfield>
    <subfield code="l">0</subfield>
    <subfield code="o">347.05/JAI</subfield>
    <subfield code="p">LGCLIB0004855</subfield>
    <subfield code="r">2021-11-08 00:00:00</subfield>
    <subfield code="t">C5</subfield>
    <subfield code="w">2021-11-08</subfield>
    <subfield code="y">BOOKS</subfield>
  </datafield>
  <datafield tag="952" ind1=" " ind2=" ">
    <subfield code="0">0</subfield>
    <subfield code="1">0</subfield>
    <subfield code="2">ddc</subfield>
    <subfield code="4">0</subfield>
    <subfield code="7">0</subfield>
    <subfield code="a">007</subfield>
    <subfield code="b">007</subfield>
    <subfield code="c">GEN</subfield>
    <subfield code="d">2021-11-08</subfield>
    <subfield code="l">0</subfield>
    <subfield code="o">340.1/FRE</subfield>
    <subfield code="p">LGCLIB0004580</subfield>
    <subfield code="r">2021-11-08 00:00:00</subfield>
    <subfield code="t">C8</subfield>
    <subfield code="w">2021-11-08</subfield>
    <subfield code="y">BOOKS</subfield>
  </datafield>
  <datafield tag="952" ind1=" " ind2=" ">
    <subfield code="0">0</subfield>
    <subfield code="1">0</subfield>
    <subfield code="2">ddc</subfield>
    <subfield code="4">0</subfield>
    <subfield code="7">0</subfield>
    <subfield code="a">007</subfield>
    <subfield code="b">007</subfield>
    <subfield code="c">GEN</subfield>
    <subfield code="d">2021-11-08</subfield>
    <subfield code="l">0</subfield>
    <subfield code="o">340.1/FRE</subfield>
    <subfield code="p">LGCLIB0004581</subfield>
    <subfield code="r">2021-11-08 00:00:00</subfield>
    <subfield code="t">C9</subfield>
    <subfield code="w">2021-11-08</subfield>
    <subfield code="y">BOOKS</subfield>
  </datafield>
</record>
